000 00656nam a2200217 i 4500
001 75692
003 ES-MaACL
005 20230906172544.0
007 t|
008 040927s1957 sp ||||1| spa d
100 1 _aGribble, Leonard.
_959978
245 1 0 _aTriunfos de Scotland Yard /
_cLeonard Gribble ; [traducción directa del inglés por Francisco Javier Mariñas].
250 _a[1ª ed.].
260 _aBarcelona :
_bAHR,
_c[1957] (
_fCondal)
300 _a276 p. ;
_c21 cm.
490 1 _aAmanecer
700 1 _aMariñas, Francisco Javier.
_976858
830 0 _aAmanecer
_9181036
852 _aES-MaACL
_jC-14214
_bR.41694
999 _c75692
_d75692